Central Library and Information Centre
Sibsagar Girls' College, Sivasagar : Assam

DEGREE STUDIES IN INDIAN ECONOMICS (Record no. 9733)

MARC details
000 -LEADER
fixed length control field 00423cam a2200181ua 4500
008 - FIXED-LENGTH DATA ELEMENTS--GENERAL INFORMATION
fixed length control field 160228n II |||gr||||Z||||||eng
040 ## - CATALOGING SOURCE
Original cataloging agency MAIN
041 ## - LANGUAGE CODE
-- English
082 ## - DEWEY DECIMAL CLASSIFICATION NUMBER
Classification number 330.54 SAR
100 ## - MAIN ENTRY--PERSONAL NAME
Personal name SARKAR & MITRA.
245 ## - TITLE STATEMENT
Title DEGREE STUDIES IN INDIAN ECONOMICS
300 ## - PHYSICAL DESCRIPTION
Extent 219:
Dimensions 20CM.
700 ## - ADDED ENTRY--PERSONAL NAME
Personal name SARKAR & MITRA.,
Relator term Author.
700 ## - ADDED ENTRY--PERSONAL NAME
Personal name MAITRA.
942 ## - ADDED ENTRY ELEMENTS (KOHA)
Koha item type Books
653 ## - INDEX TERM--UNCONTROLLED
Uncontrolled term INDIAN ECONOMY
Holdings
Withdrawn status Lost status Damaged status Not for loan Collection code Home library Current library Shelving location Date acquired Full call number Barcode Date last seen Copy number Price effective from Koha item type
        TBECO Central Library and Information Centre Sibsagar Girls College Central Library and Information Centre Sibsagar Girls College Economics Rack 04.02.1984 330.54 SAR 08616 27.02.2020 1 27.02.2020 Books


Sibsagar Girl's College © 2020. All rights reserved.
Powered by Koha.
Maintained by Abhijit Borpuzari.